书目信息 |
| 题名: |
跟我学唢呐
|
|
| 作者: | 张云华 编著 | |
| 分册: | ||
| 出版信息: | 长沙 湖南文艺出版社 2001 |
|
| 页数: | 147页 | |
| 开本: | 30cm | |
| 丛书名: | 跟我学系列 | |
| 单 册: | ||
| 中图分类: | J632.14 | |
| 科图分类: | ||
| 主题词: | 民族器乐--理论 , 民族乐器--奏法 | |
| 电子资源: | ||
| ISBN: | 7-5404-2578-4 | |
| 000 | 00656nam0 2200241 45 | |
| 001 | 0107110995 | |
| 005 | 20031219104057.1 | |
| 010 | @a7-5404-2578-4@dCNY17.50 | |
| 100 | @a20010711d2001 km y0chiy0120 ea | |
| 101 | 0 | @achi |
| 105 | @a z 000yy | |
| 200 | 1 | @a跟我学唢呐@AGen Wo Xue Suo Na@f张云华编著@FZhang Yun Hua Bian Zhu |
| 205 | @a修订版 | |
| 210 | @a长沙@c湖南文艺出版社@d2001 | |
| 215 | @a147页@d30cm | |
| 225 | @a跟我学系列 | |
| 410 | @12001 @a跟我学系列 | |
| 606 | 0 | @a民族器乐@x理论 |
| 606 | 0 | @a民族乐器@x奏法 |
| 690 | @aJ632.14@v4 | |
| 701 | 0 | @a张云华@4编著 |
| 801 | @aCN@bTSTC@c20010711 | |
| 905 | @b313870-872@dJ632.14@e31=2@f3 | |
| 跟我学唢呐/张云华编著.-修订版.-长沙:湖南文艺出版社,2001 |
| 147页;30cm.-(跟我学系列) |
| ISBN 7-5404-2578-4:CNY17.50 |
| ● |
| 相关链接 |
|
|
|
|
正题名:跟我学唢呐
索取号:J632.14/31=2
 
预约/预借
| 序号 | 登录号 | 条形码 | 馆藏地/架位号 | 状态 | 备注 |
| 1 | 0313870 | 203138700 | 第一借阅区/ [索取号:J632.14/31=2] | 在馆 | |
| 2 | 0313871 | 203138719 | 第一借阅区/ [索取号:J632.14/31=2] | 在馆 | |
| 3 | 0313872 | 203138728 | 第一样本阅览室/ [索取号:J632.14/31=2] | 在馆 |